| 000 | 00000nam 2200000za 4500 |
| 001 | 9.822196 |
| 003 | CaOODSP |
| 005 | 20250611103735 |
| 007 | cr ||||||||||| |
| 008 | 160808s2011 onc|||||o f|0| 0 ind d |
| 040 | |aCaOODSP|bfre |
| 043 | |an-cn--- |
| 086 | 1 |aA15-11512/2011Ind-PDF|zA15-11512/2011Id-PDF |
| 245 | 01|a[Poissons et fruits de mer canadiens |h[ressource électronique] : |bvaleur et variété en abondance]. |
| 246 | 13|aIkan Dan Makanan Laut Kanada : |bMenyediakan Nilai Dan Varietas |
| 250 | |a[Édition indonésien]. |
| 260 | |a[Ottawa : |bAgriculture et Agroalimentaire Canada, |cc2011]. |
| 300 | |a2 p. : |bphotographies. |
| 500 | |aTitre français fourni par l'éditeur. |
| 500 | |aPublié aussi en français sous le titre : Poissons et fruits de mer canadiens : valeur et variété en abondance. |
| 500 | |aPublié aussi en chinois, allemand, russe, et anglais. |
| 520 | |aQue vos clients désirent des produits sauvages ou dʼélevage, des poissons et fruits de mer ou des poissons dʼeau douce, des crustacés, des mollusques ou des poissons, le Canada peut fournir des produits qui conviennent à tous les goûts et à toutes les bourses. Entouré dʼocéans sur trois côtés — le Pacifique, lʼocéan Arctique et lʼAtlantique — et possédant le plus grand système de lacs dʼeau douce du monde, le Canada offre la variété et la qualité que vos clients sauront apprécier. ... |
| 546 | |aTexte en indonésien. |
| 692 | 07|2gccst|aIndustrie agro-alimentaire |
| 692 | 07|2gccst|aFruits de mer |
| 692 | 07|2gccst|aPoisson |
| 710 | 1 |aCanada. |bAgriculture et agroalimentaire Canada. |
| 775 | 08|tPoissons et fruits de mer canadiens : |w(CaOODSP)9.639265 |
| 791 | |t[Canadian fish and seafood |eeng|w(CaOODSP)9.822190 |
| 856 | 40|qPDF|s343 Ko|uhttps://publications.gc.ca/collections/collection_2016/aac-aafc/A15-11512-2011-ind.pdf |
| 986 | |aAAFC No. 11512IND |